000 00507nam a22001697a 4500
999 _c163403
_d163403
005 20190412174848.0
010 _aB-055353
020 _a8177330411
_c200.00
035 _aB-055353
037 _bBharat Law House Pvt. Ltd.
082 _a657.42
100 _aAgarwal, Raksh V.
245 _aBharat's systematic approach to cost accounting /
_cRakesh V. Agarwal
260 _aNew Delhi
_bBharat Law House Pvt. Ltd.
_c2000
300 _a531p.
_c24cm(pbk)
942 _2ddc
_cEN
_h657.42
_mAGA